[Event "Saarland-ch B 89th"]
[Site "Stennweiler"]
[Date "2014.04.16"]
[Round "6"]
[White "Holle, Arne"]
[Black "Scheuer, Thorsten"]
[Result "1-0"]
[WhiteElo "1465"]
[BlackElo "1425"]
[PlyCount "97"]
[EventDate "2014.04.11"]
[EventType "swiss"]
[EventRounds "9"]
[EventCountry "GER"]
[SourceTitle "EXT 2016"]
[Source "ChessBase"]
[SourceDate "2015.10.08"]
[SourceVersion "1"]
[SourceVersionDate "2015.10.08"]
[SourceQuality "1"]

1. e4 e6 2. d4 d5 3. Nc3 Nf6 4. Bg5 Be7 5. e5 Nfd7 6. h4 a6 7. Bxe7 Qxe7 8. Qg4 f5 9. Qh5+ g6 10. Qd1 Nc6 11. f4 Qb4 12. Nge2 Nb6 13. b3 Bd7 14. a3 Qe7 15. Qd2 0-0-0 16. a4 Rdg8 17. a5 Na8 18. Na4 h6 19. Nc5 g5 20. h5 Qg7 21. 0-0-0 Qe7 22. Kb2 gxf4 23. Nxf4 Be8 24. Ncxe6 Bf7 25. Nc5 Rg4 26. Be2 Rg3 27. Bf3 Rhg8 28. e6 Be8 29. Nxd5 Qg7 30. Ne3 Qf6 31. Ka2 Qg5 32. Qc3 Qf4 33. Rhe1 R8g7 34. Nc4 Kb8 35. d5 Na7 36. Ne5 Nb5 37. Qd3 Qb4 38. Qc4 Qxa5+ 39. Na4 Nd6 40. Qc3 Qb5 41. Ng6 Nb6 42. Nxb6 Qxb6 43. Qxg7 Qa5+ 44. Kb1 Nb5 45. Re3 Qb4 46. Qh8 Na3+ 47. Kc1 Qc5 48. Rc3 Qb5 49. Qf8 1-0

[Event "Saarland-ch C 85th"]
[Site "Homburg"]
[Date "2010.03.28"]
[Round "3"]
[White "Holle, Arne"]
[Black "Wilhelm, Axel"]
[Result "1-0"]
[WhiteElo "1260"]
[BlackElo "1318"]
[PlyCount "107"]
[EventDate "2010.03.28"]
[EventType "swiss"]
[EventRounds "9"]
[EventCountry "GER"]
[SourceTitle "EXT 2011"]
[Source "ChessBase"]
[SourceDate "2010.11.26"]
[SourceVersion "1"]
[SourceVersionDate "2010.11.26"]
[SourceQuality "1"]

1. e4 c6 2. d4 d5 3. Nc3 dxe4 4. Nxe4 Nd7 5. Nf3 Ngf6 6. Nxf6+ Nxf6 7. Bc4 Bg4 8. Bxf7+ Kxf7 9. Ne5+ Ke8 10. Nxg4 Qd5 11. Nxf6+ exf6 12. 0-0 Bd6 13. Re1+ Kf7 14. c3 Rhe8 15. Rxe8 Rxe8 16. Bd2 c5 17. Qb3 Qxb3 18. axb3 Re2 19. Rd1 cxd4 20. cxd4 a5 21. Kf1 Re4 22. Bxa5 Bxh2 23. g3 Bxg3 24. fxg3 Re3 25. Kf2 Rxb3 26. Bc3 Ke6 27. Re1+ Kd7 28. Ra1 f5 29. Ra4 Rb6 30. Rb4 Rxb4 31. Bxb4 Kc6 32. Bf8 g6 33. Bh6 Kd5 34. Ke3 b6 35. Kd3 b5 36. Bd2 Kc6 37. Kc3 Kd5 38. Be3 Kc6 39. Kb4 h5 40. b3 Kd5 41. Kxb5 Ke4 42. Bf2 g5 43. Kc6 f4 44. gxf4 Kxf4 45. d5 h4 46. d6 h3 47. Bg1 Kg3 48. Bd4 Kf3 49. Be5 g4 50. d7 g3 51. Bxg3 Kxg3 52. d8Q h2 53. Qd6+ Kg2 54. Qxh2+ 1-0